Las atrocidades en armenia (Registro nro. 301158)

Detalles MARC
000 -ENCABEZADO
Número de control [NR] 01411nam a22002417a 4500
005 - FECHA Y HORA DE LA ÚLTIMA TRANSACCIÓN
control field 20150909093534.0
008 - DE LONGITUD FIJA DE DATOS DE ELEMENTOS - INFORMACIÓN GENERAL
Elementos de longitud fija [NR] 150909n stk||||fr|||| 001 0 spa d
040 ## - FUENTE DE CATALOGACION [NR]
Quien Cataloga Sandra Yazo
Quien Clasifica Sandra Yazo
041 0# - CODIGO DE IDIOMA [R]
Código de idioma para texto/pista de sonido o título separado [R] Español
082 04 - NUMERO DE CLASIFICACION DECIMAL DEWEY [R]
Número de la edición [NR] 20
Número de clasificación [R] 956.1
092 ## - SIGNATURA TOPOGRAFICA LOCAL
Número de clasificación local E37N061
100 1# - ASIENTO PRINCIPAL--NOMBRE PERSONAL [NR]
Nombre personal [NR] Toynbee, Arnold
Fechas asociadas con el nombre [NR] 1889-1975
ID Autoridad 71444
245 14 - MENCION DE TITULO [NR]
Título [NR] Las atrocidades en armenia
Parte restante del título [NR] El exterminio de una nación
Mención de responsabilidad, etc. [NR] por Arnold J. Toynbee ; Precedido de un discurso pronunciado por Lord Bryce en la Cámara de Lores
260 ## - PUBLICACION, DISTRIBUCION, ETC. (PIE DE IMPRENTA) [R]
Lugar de publicación, distribución, etc. [R] París [Francia]
Nombre del editor, distribuidor, etc. [R] Thomas Nelson & Sons [Thomas Nelson e hijos]
Fecha de publicación, distribución, etc. [R] [fecha desconocida]
300 ## - DESCRIPCION FISICA [R]
Extensión [R] 201 páginas
Dimensiones [R] 18 x 13 cm
500 ## - NOTA GENERAL [R]
Nota general [NR] Detalles físicos: Encuadernación flexible en cartulina. Tapa delantera con datos de publicación impresos e ilustrada. Portada impresa en una sola tinta. Mapa al inicio de la obra. Texto impreso en una sola columna, algunas notas al pie de página. Tapas empiezan a desprenderse. Papel con manchas
505 0# - NOTA DE CONTENIDO CON FORMATO PREESTABLECIDO [R]
Nota de contenido con formato preestablecido [NR] Prólogo del Vizconde Bryce ; Armenia antes de la matanza ; El plan de los asesinos ; El camino de la muerte ; El fin de la jornada ; Falsas escusas ; Exterminio sin cuartel ; La vendimia de la muerte ; La actitud de Alemania
506 ## - NOTA DE RESTRICCIONES DE ACCESO [R]
Condiciones de acceso [NR] Consulta en sala
650 #7 - ASIENTO SECUNDARIO DE MATERIA - TERMINO TEMATICO [R]
9 (RLIN) 43281
Término temático o nombre geográfico como elemento de entrada [NR] Violencia
Subdivisión general [R] Aspectos sociales
Subdivisión geográfica [R] Armenia
650 #7 - ASIENTO SECUNDARIO DE MATERIA - TERMINO TEMATICO [R]
9 (RLIN) 16325
Término temático o nombre geográfico como elemento de entrada [NR] Genocidio
Subdivisión cronológica [R] 1915
Subdivisión geográfica [R] Armenia
690 ## - ASUNTO AGREGADO LOCAL DE ENTRADA - TÉRMINO TEMÁTICO (OCLC, RLIN)
9 (RLIN) 42846
Acceso temático local Historia de Europa
942 ## - ELEMENTOS DE ENTRADA AGREGADOS (KOHA)
Sistema de clasificación LOCAL
Tipo de ítem principal el descrito en 300a Libro
Edición 1
Clasificación E37N061
Existencias
Suprimido Perdido Sistema de clasificación Dañado No prestable Tipo de ítem específico Ubicación habitual Ubicación actual Localización Fecha de creación Forma de adquisición Costo Total préstamos Signatura topográfica Código de barras Última vez visto Ejemplar Price effective from Tipo de ítem
    LOCAL     Libro archivo Archivo Histórico Archivo Histórico Archivo histórico 09/09/2015 Donación 0.00   E37N061 L005148 09/09/2015 Ej.1 09/09/2015 Libro